| 000 | 00469nam a22001817a 4500 | ||
|---|---|---|---|
| 999 |
_c525523 _d525523 |
||
| 003 | NUST | ||
| 020 | _a- | ||
| 038 | _aZafar Malik | ||
| 082 |
_a891.423 _bSHO |
||
| 100 |
_aShoaq, Ghulam Rasool _916421 |
||
| 245 |
_aBareetay \ _cGhulam Rasool Shoaq |
||
| 260 |
_aFaisalabad : _bSafi Publications Academy ; _c1992. |
||
| 300 | _a128 p. ; | ||
| 500 | _aHardcover | ||
| 880 |
_6100-02\r _aغلام رسول شوق |
||
| 880 |
_6245-02\r _aبریتے |
||
| 942 |
_2ddc _cBK |
||